00574nam a2200169Ia 4500003000900000008004100009020001800050040001600068080001500084110003900099245009800138260005700236300001400293490006500307650001300372650001900385IN-BaIIA211028s9999 xx 000 0 eng d a0-87891-505-2 cIIA Library a517.9bREA aResearch and Education Association 0aREA's problem solversbcalculuscResearch and Education Association  aNew JerseybResearch and Education Associationc1993 axvi,1088p aREA's problem solvers : A complete solution guide to any tex aCalculus aNASA Thesaurus